000 00584nam a2200181Ia 4500
008 240729s9999 xx 000 0 und d
022 _a1559-2448
245 0 _aInternational Food and Agribusiness Management Review
260 _aUnited States
260 _bInternational Food and Agribusiness Management Association
650 _a Agriculture (General) | Technology
650 _a Home economics
650 _a Nutrition. Foods and food supply
650 _aAgriculture
856 _uhttps://doaj.org/toc/067b6d3596ab4fd5973f45c5eb7ff754
942 _2ddc
942 _cDOAJEJ
999 _c69593
_d69593
945 _a1
_bMadushi Gamage
_c1
_dMadushi Gamage